000 00602nam a22001577a 4500
005 20240530110335.0
008 140907s2009 ua of g 000 0 ara d
040 _aEG-CaGPL
082 0 4 _221
_a930.1
_bق/و س
100 0 _aوفاء الصديق
245 1 2 _aالسلطان الناصر صلاح الدين الايوبى :
_bبين القاهرة ودمشق /
_cوفاء الصديق ، مامون فنصة
260 _aالقاهرة :
_bالمجلس الاعلى للاثار ،
_c2009
300 _a97 ص ؛
_c24 سم
650 0 7 _aصلاح الدين الايوبى
_xاثار
942 _2ddc
_cBK
999 _c59781
_d59781